Trudne Stolice - Statystyki

Ogólne statystyki
  • Ten quiz został rozwiązany 60 razy
  • Średni wynik to 9 z 15
Statystyki odpowiedzi
Hint Odpowiedź % Poprawnych
Urugwaj Montevideo
93%
Sri Lanka Sri Dźajawardanapura Kotte
79%
Kambodża Phnom Penh
71%
Somalia Mogadiszu
70%
Zimbabwe Harare
63%
Papua Nowa Gwinea Port Moresby
63%
Birma Naypyidaw
61%
Surinam Paramaribo
59%
Antigua I Barbuda Saint John's
52%
Tonga Nuku’alofa
50%
Vanuatu Port Vila
50%
Palau Ngerulmud
48%
W. Marshalla Majuro
46%
Kiribati Tarawa
46%
Eswatini Mbabene
13%
Nie znaleziono quizów pasujących do podanych kryteriów
Rozkład punktacji
Procent ludzi z każdym wynikiem
Percentyl według liczby udzielonych odpowiedzi
Twoja historia wyników
Nie rozwiązałeś tego quizu